000 00409nam a22001697a 4500
005 20180718121602.0
008 160527b xxu||||| |||| 00| 0 eng d
020 _a0-7069-9897-9
041 _aeng
082 _b5386
_a658.1511
100 _aPandey I.M.
_94548
245 _aManagement Accounting
260 _aNew Delhi
_bAcademic Faundation
300 _a608p,
650 _aManagement
_9241
942 _cBK
999 _c1919
_d1918